000 00701nam a2200289Ia 4500
005 20260324113157.0
008 008 260324s9999 xx 000 0 eng d
020 _a9781003398899
037 _aEBOOK
040 _aCRL
040 _beng
040 _cCRL
041 _2eng
041 _aeng
084 _qCRL
100 _aAnn Catherine Hoag
_91145729
245 0 _aWomen, Travel, and Writing in the Interwar Era
245 0 _bChanging Times, Changing Spaces
260 _bTaylor and Francis
260 _c2024
365 _a
365 _b230
856 _uhttp://www.taylorfrancis.com/books/9781003398899
942 _cEBOOK
999 _c1735243
_d1735243